000 00568nam a2200193Ia 4500
003 GCL
008 140319s9999 xx 000 0 ara d
040 _aGCL /
_cGCL
082 0 4 _a257
_bف ت
100 1 _aفتحية النبراوى
245 1 0 _aتاريخ النظم والحضارة الاسلامية /
_cفتحية النبراوى
260 _a[S.N] :
_bدار الفكر العربى ،
_c1994
300 _a346
490 _a
650 0 4 _aتاريخ
650 0 4 _aنظم الحكم
650 0 4 _aالحضارة الاسلامية
942 _2ddc
_cBK
999 _c31586
_d31586